Noem alle PSV-Spelers 2024/25 - Statistieken

Algemene statistieken
  • Deze quiz is 280 keer genomen
    173 sinds de laatste reset
  • De gemiddelde score is 21 van 33
Antwoordstatistieken
Positie Antwoord % Correct
Middenveld Joey Veerman
95%
Spits Luuk de Jong
95%
Linksbuiten Noa Lang
93%
Keeper Walter Benitez
92%
Aanvallend Middenveld Guus Til
88%
Verdedigende Middenveld Jerdy Schouten
87%
Rechtsback Sergino Dest
86%
Spits Ricardo Pepi
85%
Aanvallend Midddenveld Malik Tillman
84%
Keeper Joel Drommel
83%
Rechtsbuiten Johan Bakayoko
81%
Middenveld Ismael Saibari
79%
Linksback Mauro Junior
79%
Centrale Verdediger Ryan Flamingo
79%
Rechtsbuiten Ivan Perisic
77%
Centrale verdediger Olivier Boscagli
76%
Centrale Verdediger Armando Obispo
69%
Rechtsback Rick Karsdorp
63%
Middenveld Tygo Land
63%
Keeper Nick Schiks
60%
Aanvallend Middenveld Richard Ledezma
55%
Aanvallend Middenveld Isaac Babadi
50%
Linksbuiten Couhaib Driouech
49%
Centrale Verdediger Adamo Nagalo
45%
Spits Jesper Uneken
42%
Linksback Matteo Dams
40%
Linksback Tyrell Malacia
38%
Spits Lucas Perez
36%
Linksbuiten Hirving Lozano
34%
Rechtsbuiten Esmir Bajraktarevic
33%
Linksback Wessel Kuhn
27%
Linkback Fredrik Oppegard
24%
Rechtsback Emmanuel van der Blaak
7%
Geen overeenkomende quizzen gevonden
Scoreverdeling
Procent van Mensen met Elke Score
Percentiel versus Aantal Correcte Antwoorden
Uw Scoregeschiedenis
U heeft deze quiz nog niet genomen sinds de laatste reset